000 01827nam1a2200325 i 4500
001 RU\NLR\bibl\835716
005 20260407092204.0
035 _a(NLR Aleph) 000824558
090 _a1322380
_c1322380
100 _a20050901g20059999k y0rusy50 ca
101 0 _arus
102 _aRU
105 _ay |||||||||
200 1 _aИспользование современных образовательных технологий в подготовке специалистов
_eматериалы третьей научно-практической конференции
_f[сост.: М. Л. Андреева]
210 _aПсков
_cПсковский областной институт повышения квалификации работников образования
_d2005
215 _d21
300 _aВ надзаг.: Гос. упр. образования Псков. обл., Гос. образоват. учреждение Опочец. пед. колледж
463 0 _1001834072
606 1 _aСпециалисты с высшим образованием
_jСъезды, совещания и т.п.
_xПодготовка
_91666798
_3RU\NLR\auth\661037721
606 _aВысшие учебные заведения
_jСъезды, совещания и т.п.
_xПреподавание
_92304306
_3RU\NLR\auth\661379422
686 _aЧ481.2я431
702 1 _4220
_8rus
_7ca
_aАндреева
_bМ. Л.
_cпедагог
_gМарина Леонидовна
_3RU\NLR\auth\7767866
_950794
712 0 2 _4570
_aОпочецкий педагогический колледж
_3RU\NLR\AUTH\8810050013
_9600172
801 0 _aRU
_bNLR
_c20050901
_grcr
801 1 _aRU
_bNLR
_c20050901
830 _aсост. по кн.
852 _aNLR
_j2005-4/27291
942 _cBOOK